Cultura Geral 7 - Statistics

Estatísticas Gerais
  • Esse quiz foi jogado 426 vezes
  • A pontuação média é 10 de 15
Estatísticas das Respostas
Hint Resposta % Correto
Qual é a capital do Brasil? Brasília
99%
Quantas são as maravilhas do mundo? 7
95%
Quem descobriu a existência da gravidade? Isaac Newton
83%
Qual o país que tem na bandeira a Estrela de Davi? Israel
81%
Qual é a capital da Austrália? Camberra
75%
Onde aconteceram os primeiros Jogos Olímpicos da Era Moderna? Atenas
71%
Qual é a arte chamada de sétima arte? Cinema
68%
Em qual cidade de Portugal é realizado o campeonato de surf de ondas gigantes? Nazaré
65%
Que tipo de animal é anaconda? Serpente
59%
O que mede o ano-luz? Distância
56%
Em que país está localizado o monumento pré-histórico feito de pedras conhecido como Stonehenge? Inglaterra
52%
A quem pertence o lema "Um por todos e todos por um"? Três Mosqueteiros
52%
Qual é o ingrediente base da bebida japonesa saquê? Arroz
51%
Qual é a capital da Islândia? Reykjavik
50%
Qual o artista que pintou o quadro O Grito? Edvard Munch
39%
Nenhum quiz correspondente encontrado
Distribuição das Pontuações
Porcentagem de Pessoas com Cada Pontuação
Percentil de Números Respondidos
Sua Pontuação Histórica
Você não jogou esse quiz